000 00449nam a22001457a 4500
005 20251219150358.0
008 251219b |||||||| |||| 00| 0 eng d
020 _a978-93-89211-09-2
100 _aSALA ARYA VAIDYA
245 _aINDIAN MEDICINAL PLANTS
_bA COMPEDIUM OF 500 SPECIES
260 _aTELANGANA, INDIA
_bUNIVERSITIES PRESS
_c2010
300 _aXIV, 416P.
650 _aMEDICINAL PLANTS - INDIA 2.PHARMOCOGNASY- INDIA
942 _2lcc
_cBK
999 _c216374
_d216374